000 00467nam a2200133 4500
999 _c11292
_d11292
008 181113b ||||| |||| 00| 0 eng d
082 _aDPer 050 T48 Apr-June 2016 v. 187, n. 12-24.
100 _932502
_aWaraich, Omar
245 _aA bloody easter sunday brings Pakistan's terror threat home/
_cOmar Waraich.
260 _aHong Kong;
_bTime Asia,
_cc2016.
300 _av187 n13, pages 12-13:
_billustrations;
_c27 cm.
650 0 _932503
_aTerrorism.
942 _2ddc
_cPER